000 00431nam a2200181Ia 4500
008 230524s9999 xx 000 0 und d
020 _a9780070588295
082 _a624.151
_bGUL
100 _aShashi K Gulhati
245 0 _aGeotechnical Engineering
250 _a1
260 _aNew Delhi
_bMGH
_c2013
300 _a"xxi,728p;"
500 _aQuantity Number: 6
650 _aCivil
700 _aManoj Datta
942 _cBK
999 _c55827
_d55827